000 00784nam a2200193 a 4500
001 000024894
005 20200930023431.0
008 110207s1948 ag a r 000 0 spa d
040 _aDO-SdBNP
_bspa
_cBNPHU
041 1 7 _aspa
_hfre
_2Código de idiomas MARC
082 _ann*
_bnn*
240 1 0 _aCorot. Pensées et ecrits du peintre, ses contemporains, sa postérité.
_lEspañol
245 0 0 _aCorot :
_bPensamientos y escritos del pintor, sus contemporáneos, la posteridad /
_cTraducción de Luis Eduardo Pombo.
260 _aBuenos Aires :
_bEl Ateneo,
_c1948.
300 _a361 p. :
_bil. ;
_c20 cm.
534 _aTítulo original de la obra :
_tCorot. Pensées et ecrits du peintre, ses contemporains, sa postérité.
700 1 _aPombo, Luis Eduardo,
_etr.
_951099
049 _aBNGR
999 _c24387
_d24387